00634cam a22001934a 45000010009000000050017000090080041000260100017000670200022000840420008001060500024001141000024001382450090001622500016002522600052002683000029003205040054003496500037004031295506720170128143548.0021002s2003 njua be 000 0 eng  a 2002038676 a1564146405 (pbk.) apcc00aBP605.N48 W552 20031 aWhitworth, Belinda.10aNew Age encyclopedia :ba mind, body, spirit reference guide /cby Belinda Whitworth. a[Rev. ed.]. aFranklin Lakes, N.J. :bNew Page Books,cc2003. a283 p. :bill. ;c21 cm. aIncludes bibliographical references (p. 273-283). 0aNew Age movementvEncyclopedias.